01214nam a22001457a 450000500170000000800410001702000180005805000150007610000030009124500760009426000440017030000350021450000350024950507840028420230320095944.0230320b ||||| |||| 00| 0 eng d a9789988886530 aJF1351.B85  aFundamentals of public administration and management /cThomas Buabeng. aTema :bDigibooks Ghana Limited,c2020. axxiii, 379 p. :bill.;c23 cm. aIncludes references and index. aContents : Part 1 : Concepts, theories and principles : Definitions and scope of public administration -- Evolution and scholars of public administration and management -- Theories and principles in management and administration -- Introduction to the public policy process -- Bureaucracy and public administration -- Part 2 : Ghanaian public administration : The public administration system in Ghana -- Local government system in Ghana -- The Local Governance Act of 2016 (Act 936) -- Decentralization and Ghana's decentralization policy framework -- Public-private partnerships -- Part 3 : Governance and public service accountability : Governance and public administration -- Ethics in public service -- Administrative responsibility, accountability, and corruption in Ghana.